000 00420nam a2200181Ia 4500
005 20250423101358.0
008 250422s9999 xx 000 0 und d
020 _a0-312-33983-6
050 _aPS3618.1394.P35
100 _aCynthia Giggs
245 4 _aThe Paperwhite Narcissus
260 _aNew York
260 _bThomas Dunnes Books
260 _c2005
300 _a245 p
650 _aLiterature
942 _cBK
999 _c36134
_d36134